Models for Perceived Importance and Satisfaction of Outsourcing Factors: Evidence from Slovakia
Hlavným cieľom tohto článku je vyvinúť jednoduché modely, ktoré budú postačujúce na meranie dôležitosti a spokojnosti outsourcingu logistických činností vo vybraných oblastiach. Spoľahlivosť výskumných nástrojov bola overená pomocou koeficientov odhadu spoľahlivosti.
Saved in:
| Main Author: | |
|---|---|
| Other Authors: | , , , |
| Format: | Book Chapter |
| Language: | English |
| Subjects: | |
| Tags: |
No Tags, Be the first to tag this record!
|
MARC
| LEADER | 00000naa a2200000 4500 | ||
|---|---|---|---|
| 001 | 0305721 | ||
| 005 | 20250414111120.1 | ||
| 041 | 0 | |a eng | |
| 044 | |a HU | ||
| 245 | 1 | 0 | |a Models for Perceived Importance and Satisfaction of Outsourcing Factors: Evidence from Slovakia |c Ferdinand Daňo, Peter Drábik, Róbert Rehák, Dominika Vernerová, Marián Čvirik |
| 520 | |a Hlavným cieľom tohto článku je vyvinúť jednoduché modely, ktoré budú postačujúce na meranie dôležitosti a spokojnosti outsourcingu logistických činností vo vybraných oblastiach. Spoľahlivosť výskumných nástrojov bola overená pomocou koeficientov odhadu spoľahlivosti. | ||
| 610 | 2 | 0 | |a distribúcia |
| 610 | 2 | 0 | |a logistika |
| 610 | 2 | 0 | |a centrá logistické |
| 610 | 2 | 0 | |a služby |
| 610 | 2 | 0 | |a outsourcing |
| 100 | 1 | |a Daňo, Ferdinand, 1959- | |
| 700 | 1 | |a Drábik, Peter, 1981- | |
| 700 | 1 | |a Rehák, Róbert, 1984- | |
| 700 | 1 | |a Vernerová, Dominika, 1994- | |
| 700 | 1 | |a Čvirik, Marián, 1992- | |